000 00671nam a22002537a 4500
003 UA-OsUOA
001 31290
007 ta
008 20041209b un ||||| |||| 00| 0 ukr d
100 _aСадовський М.
090 _a82-94
_bС14
942 _cBK
040 _aUA-OsUOA
_bukr
_cUA-OsUOA
_dUA-OsUOA
245 _aСпомини з російсько-турецької війни 1877-1878 р.
300 _a94 с.
955 _a2
041 _aukr
080 _a82-94
020 _a5-7707-3234-2
260 _aК.
_bЧас
_c1993
044 _aUA
650 7 _a82 Література. Літературознавство
_2UDC
999 _c317712
_d317712